Pleito de don Juan Matute contra don Antonio Cuello, donde se señala que el primero no es persona de fiar

Detalles Bibliográficos
Otros Autores: Juan Matute, Antonio Cuello
Formato: Libro
Publicado: s.l., s.f.
Materias:
Colección:Banco de datos
Acervo:Biblioteca Palafoxiana. Colección de Manuscritos
Descripción Física:2 f. ; 31 x 21 cm.
Tema general:Civil
LEADER 00463nam a22001570004500
035 |a 1137 
245 1 0 |a Pleito de don Juan Matute contra don Antonio Cuello, donde se señala que el primero no es persona de fiar 
260 |a s.l., s.f. 
300 |a 2 f. ; 31 x 21 cm. 
650 1 0 |a Civil 
700 1 |a Juan Matute 
700 1 |a Antonio Cuello 
949 |a 19948/048 
942 |c PALAMANU 
943 |g Biblioteca Palafoxiana. Colección de Manuscritos 
999 |c 1069082  |d 1069082